000 00439nam a22001817a 4500
003 CEME
005 20210628204146.0
008 210107b xxu||||| |||| 00| 0 eng d
020 _a9780451191144
040 _c.
082 _a813.52 RAN
100 _aRand, Ayn
_932490
245 _aAtlas shrugged
260 _aUSA
_bSIGNET BOOK
_c1992
300 _a1076P
650 _aENGLISH LITERATURE - ATLAS SHRUGGED
_969015
942 _cBK
_2ddc
999 _c576441
_d576441